| 000 | 00558nam a22001337a 4500 | ||
|---|---|---|---|
| 040 | _cRUA | ||
| 082 | _aLMA RON 2015 B495 Or.1 | ||
| 100 | _aRONG SAMPHORS; រ៉ុង សម្ផស្ស | ||
| 245 | _aStudy on interrelationship between institution in land market, ការសិក្សាអំពីទំនាក់ទំនងរវាងអង្គសំខាន់ៗនៅក្នុងទីផ្សារដីធ្លី | ||
| 260 |
_aPhnom Penh _bRUA _c2015 |
||
| 300 |
_ax,44p. _bill. _c29cm. |
||
| 856 | _u RONG SAMPHORS | ||
| 942 | _cLMA | ||
| 999 |
_c8301 _d8301 |
||